Kroniky a kronikári Funkcia a metodika tvorby kroník miest a obcí 1

Bibliographic Details
Main Author: Jasenák, Ladislav, 1948-2000 (Author)
Format: Article
Language:Slovak
PhysicalDescription:Fotogr. 2
Subjects:

MARC

LEADER 00000nab a2200000 a 4500
001 vtls000574475
003 SK-MaSNL
005 20260303013103.0
008 120929c1996 xo 0 slo
015 |a SNBRB19rr/mm-uuuuu 
035 |a CL0574613 
040 |a SNKBUCL  |b slo  |c SNKBUCL  |e AACR2 
041 0 |a slo 
044 |a xo  |c SK 
080 |a 930.253:352  |2 1981 
080 |a 908  |2 1981 
100 1 |a Jasenák, Ladislav,  |d 1948-2000  |4 aut  |9 13391 
245 1 0 |a Kroniky a kronikári  |b Funkcia a metodika tvorby kroník miest a obcí 1  |c Ladislav Jasenák 
300 |b Fotogr. 2 
500 |a Pokračovanie v č. 3/96 
650 0 7 |a kroniky obecné  |2 snkbucl  |9 902015 
655 7 |a články z novín a časopisov  |2 snkbucl  |9 267496 
773 0 |t Národná osveta  |g Roč. 6, č. 2 (1996), s. 15-16 
850 |a Slovenská národná knižnica v Martine  |a MTA001 
852 |a SNK  |b KIS3GCP 
958 |a RK 
992 |a RBX 
999 |c 1600639  |d 1602569